Catálogo
 En Linea

Recopilación de leyes y decretos : (Registro nro. 30503)

Detalles MARC
000 -CABECERA
campo de control de longitud fija 00555nam a2200169 a 4500
001 - NÚMERO DE CONTROL
campo de control 000031011
005 - FECHA Y HORA DE LA ÚLTIMA TRANSACCIÓN
campo de control 20200930062640.0
008 - DATOS DE LONGITUD FIJA--INFORMACIÓN GENERAL
campo de control de longitud fija 110610s1936 dr 000 0 spa d
040 ## - FUENTE DE LA CATALOGACIÓN
Centro catalogador/agencia de origen DO-SdBNP
Lengua de catalogación spa
Centro/agencia transcriptor BNPHU
049 ## - FONDOS LOCALES (OCLC)
Fondos de biblioteca BNPD
110 1# - ENTRADA PRINCIPAL--NOMBRE DE ENTIDAD CORPORATIVA
Nombre de entidad corporativa o nombre de jurisdicción como elemento de entrada República Dominicana
Unidad subordinada Secretaría de Estado de Comercio e Industria
9 (RLIN) 57514
240 10 - TÍTULO UNIFORME
Título uniforme Leyes, etc.
245 10 - MENCIÓN DE TÍTULO
Título Recopilación de leyes y decretos :
Resto del título hasta el 31 de diciembre de 1935.
250 ## - MENCIÓN DE EDICIÓN
Mención de edición Publicació oficial
260 ## - PUBLICACIÓN, DISTRIBUCIÓN, ETC.
Lugar de publicación, distribución, etc. Santo Domingo :
Nombre del editor, distribuidor, etc. Editorial La Nación,
Fecha de publicación, distribución, etc. 1936.
300 ## - DESCRIPCIÓN FÍSICA
Extensión 153 p. ;
Dimensiones 24 cm.
Existencias
Estado de retiro Estado de pérdida Restricciones de uso No para préstamo Código de colección Localización permanente Ubicación/localización actual Ubicación en estantería Fecha de adquisición Número de inventario Total de préstamos Signatura topográfica completa Código de barras Fecha visto por última vez Precio válido a partir de Tipo de ítem Koha Nota pública
      Excluido de préstamo Raros y valiosos Patrimonio Dominicano Patrimonio Dominicano En catalogación 10.06.2011 LF1   31011-10 25.06.2020 25.06.2020 No se presta Perteneció a la biblioteca personal de Julio Ortega Frier.
        Patrimonio Dominicano Patrimonio Dominicano Patrimonio Dominicano Orden iniciada 10.06.2011 LF1   31012-10 25.06.2020 25.06.2020 Libro y Folleto Colección Patrimonio Dominicano  

Con tecnología Koha